000 00393nam a2200145Ia 4500
008 090122s9999 xx 000 0 und d
082 _b8062
_a891.4683
100 _aमुजावर
_bबशीर
245 _aप्रवाही
600 _aमुजावर
630 _aप्रवाही
700 _aमुजावर
730 _aप्रवाही
942 _cBOOK
999 _c32139
_d32139